000 01095nac a22002891i 4500
003 EG-ScBUE
005 20240916090214.0
008 240916s1988 enk f b 001 0 eng d
020 _a0201142147
040 _aEG-ScBUE
_beng
_erda
_cEG-ScBUE
_dEG-ScBUE
082 0 4 _a511.8
_bSOM
_222
100 1 _aSommerhalder, R.,
_eauthor.
245 1 4 _aThe theory of computability :
_bprograms, machines, effectiveness, and feasibility /
_cR. Sommerhalder, S.C. van Westrhenen, University of Delft.
264 1 _aWokingham, England ;
_aReading, Mass. :
_bAddison-Wesley Pub. Co.,
_c1988.
300 _axii, 441 pages ;
_c23 cm.
336 _2rdacontent
_atext
_btxt
337 _aunmediated
_2rdamedia
_bn
338 _avolume
_bnc
_2rdacarrier
490 0 _aInternational computer science series
504 _aIncludes bibliographical references and index.
650 7 _aAlgorithms.
_2BUEsh
650 7 _aComputational complexity.
_2BUEsh
650 7 _aComputable functions.
_2BUEsh
655 _vReading book
700 1 _aWestrhenen, S. Christiaan van,
_d1928-
_eauthor.
942 _cBB
_2ddc
999 _c7297
_d7297